00000000cam 2200000zi 4500
0019.963156
003CaOODSP
00520260528152001
006m     o  d f      
007cr |n|||||||||
008260528e202605##onc     ob   f|0| 0 eng d
040 |aCaOODSP|beng|erda|cCaOODSP
043 |an-cn---
0861 |aXC71-1/1-451-4E-PDF
1101 |aCanada. |bParliament. |bHouse of Commons. |bStanding Committee on the Status of Women, |eauthor, |eissuing body.
24510|aPreventing violence against women : |bCriminal Code peace bonds, bail and sentencing reforms in Canada / |cDominique Vien, chair.
264 1|a[Ottawa] : |bHouse of Commons, Canada = Chambre des communes, Canada, |cMay 2026.
300 |a1 online resource (viii, 64 pages)
336 |atext|btxt|2rdacontent
337 |acomputer|bc|2rdamedia
338 |aonline resource|bcr|2rdacarrier
4901 |aReport of the Standing Committee on the Status of Women ; |v4th report, 45th Parliament, 1st Session
500 |aIssued also in French under title: Prévenir la violence contre les femmes : réformes des dispositions du Code criminel relatives aux engagements de ne pas troubler l'ordre public, à la mise en liberté sous caution et à la détermination de la peine au Canada.
504 |aIncludes bibliographical references.
61010|aCanada. |tCriminal Code.
650 0|aGender-based violence|xPrevention|xGovernment policy|zCanada.
650 0|aBail|zCanada.
650 0|aSentences (Criminal procedure)|zCanada.
7001 |aVien, Dominique.
77508|tPrévenir la violence contre les femmes : |w(CaOODSP)9.963159
830#0|aReport of the Standing Committee on the Status of Women ;|v4th report, 45th Parliament, 1st Session.|w(CaOODSP)9.506808
85640|qPDF|s4.01 MB|uhttps://publications.gc.ca/collections/collection_2026/parl/xc71-1/XC71-1-1-451-4-eng.pdf
8564 |qHTML|sN/A|uhttps://www.ourcommons.ca/documentviewer/en/45-1/FEWO/report-4